Normal view MARC view

Entry Nombre personal

Number of records used in: 2

001 - NÚMERO DE CONTROL

  • campo de control: 2573

003 - IDENTIFICADOR DE NÚMERO DE CONTROL

  • campo de control: Biblioxarxa

005 - FECHA Y HORA DE LA ÚLTIMA TRANSACCIÓN

  • campo de control: 20251022075135.0

008 - ELEMENTOS DE DATO DE LONGITUD-FIJA

  • campo de control de longitud fija: 251022|| aca||aabn | a|a d

040 ## - FUENTE DE CATALOGACIÓN

  • Centro catalogador/agencia de origen: Biblioxarxa
  • Centro/agencia transcriptor: Biblioxarxa

100 ## - ENCABEZAMIENTO-NOMBRE DE PERSONA

  • Nombre de persona: Ahuir i López, Artur
  • Fechas asociadas al nombre: 1965-

670 ## - FUENTE DE DATOS ENCONTRADOS

  • Cita de la fuente: Work cat.: (Biblioxarxa)2125: March, Ausiàs ca. 1397-1459 XX895675 2498, Antologia poetica d'Ausias March, [1997]